| 000 | 00726nam a22002057a 4500 | ||
|---|---|---|---|
| 003 | OSt | ||
| 005 | 20250822061946.0 | ||
| 008 | 250822b |||||||| |||| 00| 0 eng d | ||
| 020 | _a978-981-48-8807-3 | ||
| 040 |
_aDWC-Main Lib _cOC |
||
| 082 | _aCirc. 153.22 G624c 2020 | ||
| 100 | _aGoldstein, Bruce E. | ||
| 245 |
_aCognitive psychology : _bconnecting mind, research and everyday experience/ _cBruce E. Goldstein |
||
| 250 | _aFifth edition | ||
| 260 |
_aSingapore : _bCengage Learning Asia, _cc2020. |
||
| 300 |
_axix, 493 pages : _billustrations ; _c26cm. |
||
| 504 | _aIncludes bibliographical references, glossary and index. | ||
| 650 | _a1. Cognitive psychology. | ||
| 942 |
_2ddc _cBK-CIRC _eFifth edition _kCirc. _n0 |
||
| 999 |
_c4192 _d4192 |
||